000 00585nam a2200181Ia 4500
008 090630s9999 xx 000 0 und d
082 _b19353
100 _aदेऊळगावकर अतुल.
245 _aलॉरी बेकर.
_cदेऊळगावकर अतुल.
260 _bअक्षर.
_c1997
300 _a132
600 _aदेऊळगावकर अतुल.
630 _aलॉरी बेकर.
655 _aइतर.
700 _aदेऊळगावकर अतुल.
730 _aलॉरी बेकर.
942 _cBOOK
999 _c271209
_d271209